Revista del Hospital Materno Infantil Ramón Sardá (Registro nro. 1273)

Detalles MARC
000 -LEADER
fixed length control field 00735nas a22002177a 4500
008 - CAMPO DE CONTROL RECURSOS CONTINUADOS
fixed length control field 130315t19939999ag ||||| |||| 00| 0 spa d
022 ## - INTERNATIONAL STANDARD SERIAL NUMBER
International Standard Serial Number 1514-9838
245 ## - TITULO
Titulo Revista del Hospital Materno Infantil Ramón Sardá
260 ## - PUBLICACION, DISTRIBUCION, ETC. (PIE DE IMPRENTA)
Lugar de publicación, distribución, etc Buenos Aires,
Nombre de la editorial, distribuidor, etc. Hospital Materno Infantil Ramón Sardá:
Fecha de publicación 1993
300 ## - DESCRIPCION FISICA
Extensión v. :
310 ## - FRECUENCIA ACTUAL DE LA PUBLICACION
Frecuencia actual de la publicación trimestral
546 ## - NOTA DE IDIOMA
Nota de lenguaje español
590 ## - NOTAS LOCALES (RLIN)
Nota local Indizada en: Latindex, Redalyc y LILACS
590 ## - NOTAS LOCALES (RLIN)
Nota local Existencias: 1993 12(2) 2010 29(2)<br/>BAJA DEPOSITO (CAJA 20) MAYO 2019
650 ## - MATERIA-TERMINO TEMATICO
Término temático PEDIATRIA
9 (RLIN) 1741
650 ## - MATERIA-TERMINO TEMATICO
Término temático OBSTETRICIA
9 (RLIN) 1897
650 ## - MATERIA-TERMINO TEMATICO
Término temático GINECOLOGIA
9 (RLIN) 1896
650 ## - MATERIA-TERMINO TEMATICO
Término temático NEONATOLOGIA
9 (RLIN) 1989
856 ## - LOCALIZACION ELECTRONICA Y ACCESO
Identificador Uniforme de Recurso (URI) <a href="http://www.sarda.org.ar/Profesionales/Publicaciones/Revista_Sarda">http://www.sarda.org.ar/Profesionales/Publicaciones/Revista_Sarda</a>
942 ## - ADDED ENTRY ELEMENTS (KOHA)
Source of classification or shelving scheme Dewey Decimal Classification
Item type Continuing Resources

No hay ítems disponibles.


UNIVERSIDAD NACIONAL DEL COMAHUE
Biblioteca de la Facultad de Ciencias Médicas
Sede Toschi: Los Arrayanes y Av. Toschi, Cipolletti  - Rio Negro
Sede Los Tordos:  Yrigoyen al 2211, Cipolletti - Rio Negro 

Teléfono: 0299 - 4774707 int 25
Contacto: biblioteca@facimed.uncoma.edu.ar
© 2011 - 2026